000 00449nam a2200181Ia 4500
001 20025
005 20260306172736.0
008 260306t1991||||xx |||||||||||||| ||spa||
041 _aESP
082 _a342.112
_bB53
100 _aBidart Campos, Germán J.
_eAUT
245 0 _aTeoría general de los derechos humanos
260 _c1991
300 _axvi, 444 páginas :
_c23 cm.
650 _aGEN
654 _aCDE
942 _cLIB
_dJUS
_fJUS
_2ddc
_n
999 _c20025
_d20025